I Look In People's Windows - Taylor Swift (All Lyrics) - Statistics

General Stats
  • This quiz has been taken 6 times
  • The average score is 138 of 180
Answer Stats
Lyrics % Correct
A
100%
and
100%
at
100%
be
100%
case
100%
had
100%
have
100%
I
100%
if
100%
'if
100%
in
100%
In
100%
it
100%
look
100%
people's
100%
table
100%
the
100%
their
100%
to
100%
What
100%
what
100%
wind
100%
windows
100%
you
100%
You
100%
your
100%
you're
100%
away
80%
by
80%
eyes
80%
I'm
80%
Like
80%
looked
80%
me?
80%
met
80%
mine
80%
not
80%
on
80%
so
80%
So
80%
some
80%
up
80%
weirdo
80%
addicted
60%
afflicted
60%
alright
60%
are
60%
attend
60%
blowing
60%
bound
60%
breath
60%
carried
60%
catch
60%
chances
60%
Christmas
60%
death
60%
deranged
60%
died
60%
Does
60%
downtown
60%
Downtown,
60%
feel
60%
from
60%
glows
60%
golden
60%
got
60%
know
60%
knowing
60%
more
60%
North
60%
One
60%
only'
60%
Out,
60%
out,
60%
out
60%
outside
60%
parties
60%
rose
60%
South,
60%
south,
60%
south
60%
spied
60%
streets
60%
time
60%
tiniest
60%
train
60%
Transfixed
60%
you'd
60%
As
40%
boarded
40%
drink
40%
faces
40%
feather
40%
friends
40%
head
40%
meant
40%
nice
40%
now,
40%
now
40%
Now,
40%
over
40%
ponder
40%
searching
40%
still
40%
stopped
40%
taken
40%
They
40%
tilted
40%
tried
40%
wine
40%
No matching quizzes found
Score Distribution
Percent of People with Each Score
Percentile by Number Answered
Your Score History
You have not taken this quiz